| 000 | 00980nas a2200325 4500 | ||
|---|---|---|---|
| 001 | BR0703465 | ||
| 003 | BR-BrBNA | ||
| 005 | 20231205110903.0 | ||
| 007 | ta | ||
| 008 | 230509b bl.|||p| |||| 00| 00por d | ||
| 040 |
_aBR-BrBNA _bpor _cBiblioteca Nacional de Agricultura |
||
| 041 | _a(Pt) | ||
| 072 | _aQ52; Q54 | ||
| 100 | 1 | _aBarbosa, S.H.R. | |
| 100 | 1 | _aRomanelli, P.F. | |
| 245 | 1 | _aFarinha de conchas dos moluscos escargot (Achatina fulica)e aruá (Pomacea lineata), como aproveitamento de resíduos | |
| 650 | _aESCARGOT | ||
| 650 | _aARUÁ | ||
| 650 | _aMOLUSCO | ||
| 650 | _aCONCHA | ||
| 650 | _aPROCESSAMENTO | ||
| 650 | _aFARINHA | ||
| 650 | _aBUBPRODUTO | ||
| 650 | _aPROPRIEDADE FÍSICO-QUÍMICA | ||
| 650 | _aCONTROLE DE QUALIDADE | ||
| 650 | _aALIMENTO PARA ANIMAL | ||
| 773 | 0 |
_tHigiene Alimentar (Brazil) _xISSN 0101-9171 _g(May 2007), v. 21(151) p. 115-119 _wBR0703465 |
|
| 909 |
_a202311 _bLúcia _c55 _dLúcia Elande |
||
| 942 |
_2AGRIS _n0 _cANA |
||
| 999 |
_c189601 _d189601 |
||